=LDR 00000nam 2200000 4500 =001 INLIS000000000044133 =005 20131008104920 =008 ***********************************Ind** =035 ##$$a0010-101300000002055 =041 ##$$a Ind =082 ##$$a 352.007 =090 ##$$a 352.007, Ind p =100 ##$$a Widjaja, A.W =245 ##$$a Pemerintah desa dan administrasi desa menurut undang-undang nomor 5 tahun 1979, Drs. A.W Widjaja =260 ##$$a 1993 $b Jakarta =300 ##$$a xii, 280 hlm, 21 cm =650 ##$$a Desa =850 ##$$a NBPNMAT =990 ##$$a 93257/BPAP-NTB/2014